=LDR 00000nam 2200000 4500 =001 NUTBA000000000002755 =005 20140627103820.0 =006 =007 =008 =020 ##$$a 978-979-9282-90-3 =035 ##$$a 0010-061400000000698 =040 ##$$a NBPDMAT =082 ##$$a 617.1 =090 ##$$a 617.1 $b Tit m =100 ##$$a Titin Kuraesin =245 ##$$a Mengenal luka dan penanggulangannya / $c Titin Kuraesin ; penyunting, Dwi Gustanti =260 ##$$a Bandung : $b Karya Kita, $c 2009 =300 ##$$a vi, 66 hlm. : $b ilus. ; $c 21 cm. =650 ##$$a Luka, Penyembuhan =850 ##$$a NBPDMAT =990 ##$$a 21402262